| 000 | 00490nam a2200157 4500 | ||
|---|---|---|---|
| 008 | 0 1988 0a 000 0USA | ||
| 020 | _a0-471--62871-9 | ||
| 050 | _aQA76.76 .S64 A788 | ||
| 082 | _a001.642.5 A793s | ||
| 100 | _aArthur, Lowell Jay | ||
| 245 | _aSofware evolution : the sofware maintenance challenge | ||
| 260 | _aUnited States of America : John Wiley | ||
| 300 | _axiii, 254 p. / 24 cm. | ||
| 500 | _aIncluye bibliografia | ||
| 650 | _a1.MANTENIMIENTO DE PROGRAMAS | ||
| 999 |
_c12180 _d12180 |
||